Moralia. Volume 4 /

Hlavní autor: Plútarchos, asi 50-asi 120
Další autoři: Hubert, C.
Jazyk: Latina
Vydáno: Lipsiae : Teubner, 1971
Vydání: 2. Auflage
Edice: Bibliotheca scriptorum Graecorum et Romanorum Teubneriana
Fyzický popis: 24, 405 stran
Knihy
Uloženo v:
LEADER 00947nam a22002772i 4500
001 000420347
003 CZ BrMZK
005 20150626131629.0
007 ta
008 990305s1971 gw f lat d
040 |a BOA001  |b cze  |e rda 
100 0 |a Plútarchos,  |d asi 50-asi 120  |7 jn19981002002  |4 aut 
245 1 0 |a Moralia.  |n Volume 4 /  |c Chaeronensis Plutarchus ; recensuit et emendavit C. Hubert 
250 |a 2. Auflage 
264 1 |a Lipsiae :  |b Teubner,  |c 1971 
300 |a 24, 405 stran 
336 |a text  |b txt  |2 rdacontent 
337 |a bez média  |b n  |2 rdamedia 
338 |a svazek  |b nc  |2 rdacarrier 
490 1 |a Bibliotheca scriptorum Graecorum et Romanorum Teubneriana 
700 1 |a Hubert, C.  |4 edt 
830 0 |a Bibliotheca scriptorum Graecorum et Romanorum Teubneriana 
910 |a BOA001  |b 2-0342.534,4 
990 |a BK 
991 |b 201506 
996 7 |b 2619793881  |c 2-0342.534,4  |l MZK  |r Sklad / do 24 hodin  |n 11  |w 000420347  |u 000010  |a 1  |e BOA001  |j MZK50  |s A